Conflitti postumi (1998-2008) /

Saved in:
Bibliografiske detaljer
Hovedforfatter: Ferretti, Gregor (Author)
Andre forfattere: Bellosi, Giuseppe
Format: Bog
Sprog:italiensk
Udgivet: Faenza : Mobydick, 2010
Serier:L'immaginario ; 24
Tags: Tilføj Tag
Ingen Tags, Vær først til at tagge denne postø!

MARC

LEADER 00000nam a22000007i 4500
001 IT\ICCU\RAV\1892802
003 ItRI
005 20240628102055.0
008 100409s2010 it |||||| ||||| |||||c
020 |a 9788881784493 
040 |b ita  |c CDM 
041 7 |a ita  |2 ISO-639-2 
100 1 |a Ferretti, Gregor  |0 IT\ICCU\RAVV\656625  |4 aut 
245 1 0 |a Conflitti postumi (1998-2008) /  |c Gregor Ferretti ; presentazione di Giuseppe Bellosi. 
260 |a Faenza :  |b Mobydick,  |c 2010 
300 |a 123 p. :  |b ill. ;  |c 21 cm. 
700 1 |a Bellosi, Giuseppe  |0 IT\ICCU\CFIV\046369 
830 2 |a L'immaginario ;  |v 24  |0 IT\ICCU\RAV\0226226 
942 |2 ddc  |c BK 
952 |0 0  |1 0  |2 ddc  |4 0  |6 851_920000000000000_FER_CON  |7 1  |9 1545  |a RA  |b RA  |d 2024-06-28  |l 0  |o 851.92 FER CON  |p 9294  |r 2024-06-28 10:22:39  |w 2024-06-28  |y BK 
981 1 |6 z01  |a i   |b xxxe  
982 1 |6 z01  |a n 
999 |c 1362  |d 1362